La soja y sus insectos y otros organismos : benéficos y perjudiciales. Tomo 2 /

Guardado en:
Autor Principal: Molina, Aníbal R.
Formato: Libro
Idioma:Spanish
Publicado: Buenos Aires : el autor, 2008.
Acceso en línea:Índice
Etiquetas: Agregar Etiqueta
Sin Etiquetas, Sea el primero en etiquetar este registro!
LEADER 00615nam a22001575a 4500
001 EEA.libagro008001
005 20171017123950.0
008 130809s2008####ag#a##########000#0#spa#d
020 |a 9789870539322 
082 0 4 |a 633.3497 
100 1 |a Molina, Aníbal R. 
245 1 3 |a La soja y sus insectos y otros organismos :  |b benéficos y perjudiciales.  |n Tomo 2 /  |c Aníbal R. Molina. 
260 |a Buenos Aires :  |b el autor,  |c 2008. 
300 |a 96 p. :  |b fot. col. ;  |c 23 cm. 
856 |u http://anibalmolina.com.ar/images/pdf-libros/La-soja-y-sus-insectos-tomo-2.pdf  |3 Índice 
859 |a AR-BbBCA  |b BIB. AGRONOMIA  |h 633.3497  |i M722 2  |p 2008/5390